000 00330nam a22001457a 4500
003 SGT
020 _a978-0-8039-8909-2
082 _a616.89
_bM04R
100 _aRADLEY, ALAN
245 _aMAKING SENSE ILLNESS: TH SOCIAL PSYCHOLOGY
260 _aINDIA
_bSAGE
_c2004
300 _a232
650 _aPSYCHOLOGY
942 _2ddc
_cBK
999 _c15944
_d15944